000 00340nam a2200145Ia 4500
100 _aBalaguruswamy/ E
942 _cBK
366 _f15
654 _aProgramming With Java - A Primer
245 _aProgramming With Java - A Primer
260 _bTata Mc Graw hill
_aNew Delhi
_c2000
082 _a5.1
300 _a453
546 _aENGLISH
999 _c24968
_d24968